000 00281nam a22001217a 4500
020 _a1590593561
082 _222
_a005.133
100 _aPilgrim, Mark.
245 _aDive into python /
260 _bCA, Apress,
_cc2004.
300 _axviii, 413p. ;
_bill. ;
_c23 cm.
942 _2ddc
_cIT
999 _c1316
_d1316